Aspekty kvality, riadenia a bezpečnosti v sieťových technológiách
Na minha lista:
| Autor principal: | |
|---|---|
| Outros Autores: | |
| Formato: | Manuscrito Livro |
| Idioma: | eslovaco |
| Publicado em: |
2021
|
| Assuntos: | |
| Acesso em linha: | http://is.stuba.sk/zp/portal_zp.pl?podrobnosti_zp=83110 |
| Tags: |
Sem tags, seja o primeiro a adicionar uma tag!
|
MARC
| LEADER | 00000ntm a22000003a 4500 | ||
|---|---|---|---|
| 001 | stuzp83110 | ||
| 003 | SK-STU | ||
| 005 | 20210313210234.2 | ||
| 007 | ta | ||
| 008 | 150427s2015----xo-----f-mn---000-0-slo-d | ||
| 040 | |a STU |b slo | ||
| 041 | 0 | |a slo | |
| 100 | 1 | |a Ries, Michal |u 070400 |k Z1 |4 aut |U FIIT Fakulta informatiky a informačných technológií |T FIIT Ústav počítačového inžinierstva a aplikovanej informatiky |X 18671 |U I400 |Y 672 |7 18671 | |
| 242 | 0 | 1 | |a Aspects of quality, management and security in network technologies |y eng |
| 245 | 1 | 0 | |a Aspekty kvality, riadenia a bezpečnosti v sieťových technológiách |
| 260 | |c 2021 | ||
| 650 | 4 | |a blockchain |2 slo | |
| 650 | 4 | |a softvérovo definované siete |2 slo | |
| 650 | 4 | |a kvalita služby |2 slo | |
| 650 | 4 | |a WLAN |2 slo | |
| 650 | 4 | |a WLAN |2 eng | |
| 650 | 4 | |a blockchain |2 eng | |
| 650 | 4 | |a software defined networks |2 eng | |
| 650 | 4 | |a Quality of Service |2 eng | |
| 700 | 1 | |a , |4 ths |X null |7 null | |
| 856 | 4 | |u http://is.stuba.sk/zp/portal_zp.pl?podrobnosti_zp=83110 | |